000 00348nam a2200145Ia 4500
008 191201s1984 xx 000 0 und d
082 _a629.831
_bGOM
100 _aGOPAL, M
245 0 _aModern Control System Theory
250 _a2
260 _aN.Delhi
_bNew Age International
_c1984
300 _a688
650 _aB.Tech(ECE)
942 _2ddc
_cBK
999 _c3222
_d3222